00947 2200325 4500001002100000005001500021035002000036007000300056008004100059040001700100100001800117245012400135250001000259300003500269020002200304041000800326082000800334084001400342090001600356260003800372850001000410500002900420650001500449700002800464504002900492990002500521990002500546990002500571990002500596INLIS00000000000187120260603013507 a0010-0120000314ta260603 0  aSBPUPADbind0 aDidik Januari1 aTrik A-Z Menjadi Guru Kreatif :bdirindui dan dicintai murid /cDidik Januari dan Murtafi'atun; Penyunting: Nur Iswarso acet.1 aiii, 207 hlm. :bilus ;c20 cm a978-602-1129-40-1 aind a370 a370 DID t a371.1 RIZ s aYogyakarta :bIndoliterasi,c2015 aPUPAD aBiodata penulis, hlm 211 4aPendidikan0 aPenyunting: Nur Iswarso aBibliografi, hlm 209-210 a31.905/APBD/DPK/2019 a31.906/APBD/DPK/2019 a31.907/APBD/DPK/2019 a31.908/APBD/DPK/2019